00711nam a2200241 a 4500001001300000003000900013005001700022008004100039020002200080082001700102100002100119245006800140260003600208300000900244500003500253505001000288650002100298700002100319902000800340942000700348952009700355999001700452nice12345678IN_TiNIC20260116013738.0050524s1990 dela grp 000 0 eng  a8170071 c3500a306.362bCHA aChanana, Dev Raj aSlavery in Ancient India as Depicted in Pali and Sanskrit Texts aDelhibPeoples Pub. Housec1990 a208p aincludes index and biblioraphy2 aIndex aSlavery-Hinduism1 aChanana, Dev Raj bSRS cBK 00104070aHMIbHMId2007-04-04g35.00l0o306.362 CHAp018616r2007-04-04w2026-01-16yEB c12269d12269